| 000 | 01323cam a2200373 a 4500 | ||
|---|---|---|---|
| 003 | OSt | ||
| 005 | 20140310184239.0 | ||
| 008 | 000606r20011998mau j 000 1 eng | ||
| 010 | _a 00044844 | ||
| 020 | _a9780439858045 | ||
| 020 | _a0439858046 | ||
| 040 |
_aDLC _cDLC _dDLC |
||
| 042 | _alcac | ||
| 050 | 0 | 0 |
_aPZ 7 _b.M35145Ni 2007 |
| 100 | 1 |
_aMarsden, John _929391 |
|
| 245 | 1 | 4 |
_aThe night is for hunting / _cJohn Marsden. |
| 260 |
_aNew York : _bScholastic Inc., _c2007. |
||
| 300 |
_a238 p. : _c21 cm. |
||
| 440 |
_aThe tomorrow series _929392 |
||
| 490 | 1 |
_aTomorrow series ; _vbk. 6 |
|
| 521 | _aG6 | ||
| 526 | _c810 | ||
| 650 | 1 |
_aSurvival _vFiction. _929393 |
|
| 650 | 1 |
_aWar _vFiction. _929394 |
|
| 651 | 1 |
_aAustralia _vFiction. _929395 |
|
| 800 | 1 |
_aMarsden, John, _d1950- _tTomorrow series ; _vbk. 6. _929396 |
|
| 856 | 4 | 2 |
_3Publisher's description _uhttp://www.loc.gov/catdir/description/hm021/00044844.html |
| 856 | 4 | 2 |
_3Contributor biographical information _uhttp://www.loc.gov/catdir/enhancements/fy0735/00044844-b.html |
| 906 |
_a7 _bcbc _corignew _d1 _eocip _f20 _gy-gencatlg |
||
| 942 |
_2lcc _cBK-SCHOLAS |
||
| 999 |
_c33240 _d33240 |
||